Pleito entre don Juan Matute contra don Antonio Cuello, donde el último se queja del actuar del primero

Detalles Bibliográficos
Otros Autores: Juan Matute, Antonio Cuello
Formato: Libro
Publicado: s.l., s.f.
Materias:
Colección:Banco de datos
Acervo:Biblioteca Palafoxiana. Colección de Manuscritos
Descripción Física:2 f. ; 32 x 21 cm.
Tema general:Civil
LEADER 00461nam a22001570004500
035 |a 1142 
245 1 0 |a Pleito entre don Juan Matute contra don Antonio Cuello, donde el último se queja del actuar del primero 
260 |a s.l., s.f. 
300 |a 2 f. ; 32 x 21 cm. 
650 1 0 |a Civil 
700 1 |a Juan Matute 
700 1 |a Antonio Cuello 
949 |a 19948/053 
942 |c PALAMANU 
943 |g Biblioteca Palafoxiana. Colección de Manuscritos 
999 |c 1069087  |d 1069087